[Event "SVK-chT2D 1819"]
[Site "Slovakia"]
[Date "2019.03.02"]
[Round "8.4"]
[White "Pacholsky, Martin"]
[Black "Koval, Jakub"]
[Result "1/2-1/2"]
[WhiteElo "2023"]
[BlackElo "2074"]
[PlyCount "61"]
[EventDate "2018.10.13"]
[EventType "team-tourn"]
[EventRounds "11"]
[EventCountry "SVK"]
[SourceTitle "CBM 189 Extra"]
[Source "ChessBase"]
[SourceDate "2019.06.03"]
[SourceVersion "1"]
[SourceVersionDate "2019.06.03"]
[SourceQuality "1"]
[WhiteTeam "Margecany"]
[BlackTeam "Presov Tatran Dason"]
[WhiteTeamCountry "SVK"]
[BlackTeamCountry "SVK"]

1. e4 Nf6 2. e5 Nd5 3. d4 d6 4. Nf3 Bg4 5. Be2 c6 6. 0-0 Bxf3 7. Bxf3 dxe5 8. dxe5 e6 9. c4 Ne7 10. Qxd8+ Kxd8 11. Be4 Nd7 12. f4 g6 13. b3 Nc5 14. Bc2 h5 15. Nc3 a5 16. Be3 Nf5 17. Bf2 Be7 18. Ne4 Nxe4 19. Bxe4 Kc7 20. Rfd1 Rhd8 21. Kf1 Rxd1+ 22. Rxd1 a4 23. Ke2 axb3 24. axb3 Bb4 25. h3 Ra2+ 26. Kf3 Be7 27. g3 b6 28. Rd3 Bc5 29. Bxc5 bxc5 30. Bxf5 gxf5 31. h4 1/2-1/2

[Event "SVK-chT2D 1819"]
[Site "Slovakia"]
[Date "2018.11.17"]
[Round "3.3"]
[White "Kopcak, Stanislav"]
[Black "Koval, Jakub"]
[Result "0-1"]
[WhiteElo "1947"]
[BlackElo "2074"]
[PlyCount "56"]
[EventDate "2018.10.13"]
[EventType "team-tourn"]
[EventRounds "11"]
[EventCountry "SVK"]
[SourceTitle "CBM 187 Extra"]
[Source "ChessBase"]
[SourceDate "2018.11.04"]
[SourceVersion "1"]
[SourceVersionDate "2018.11.04"]
[SourceQuality "1"]
[WhiteTeam "Poprad LS VD"]
[BlackTeam "Presov Tatran Dason"]
[WhiteTeamCountry "SVK"]
[BlackTeamCountry "SVK"]

1. e4 e5 2. Nc3 Nf6 3. f4 d5 4. fxe5 Nxe4 5. Nf3 Be7 6. d4 0-0 7. Bd3 f5 8. exf6 Bxf6 9. 0-0 Re8 10. Ne5 Nc6 11. Nxe4 dxe4 12. Bc4+ Be6 13. Bxe6+ Rxe6 14. Nxc6 Rxc6 15. c3 Qd5 16. Qg4 Rf8 17. Be3 Qc4 18. Rad1 Qxa2 19. d5 Ra6 20. Qxe4 Qa4 21. b4 Qe8 22. Qd3 Ra3 23. Bc5 Rf7 24. Rde1 Be7 25. Rxf7 Bxc5+ 26. Kf1 Qxf7+ 27. Qf3 Qxf3+ 28. gxf3 Bd6 0-1

[Event "SVK-chT1E 1718"]
[Site "Slovakia"]
[Date "2018.02.18"]
[Round "9.4"]
[White "Koval, Jakub"]
[Black "Ferkova, Dominika"]
[Result "1-0"]
[WhiteElo "2018"]
[BlackElo "1926"]
[PlyCount "73"]
[EventDate "2017.10.21"]
[EventType "team-tourn"]
[EventRounds "11"]
[EventCountry "SVK"]
[SourceTitle "EXT 2019"]
[Source "ChessBase"]
[SourceDate "2018.10.10"]
[SourceVersion "1"]
[SourceVersionDate "2018.10.10"]
[SourceQuality "1"]
[WhiteTeam "Presov Tatran"]
[BlackTeam "Bardejov"]
[WhiteTeamCountry "SVK"]
[BlackTeamCountry "SVK"]

1. d4 d5 2. Nf3 e6 3. e3 Nf6 4. Bd3 c5 5. c3 Nc6 6. Nbd2 Bd6 7. 0-0 0-0 8. dxc5 Bxc5 9. b4 Bd6 10. Bb2 Ng4 11. Qc2 h6 12. e4 Nce5 13. Nxe5 Bxe5 14. h3 Nf6 15. Nf3 dxe4 16. Bxe4 Nxe4 17. Nxe5 Qd2 18. Qxd2 Nxd2 19. Rfd1 Ne4 20. Rd4 Nf6 21. c4 b6 22. a4 Bb7 23. a5 b5 24. a6 Be4 25. f3 Bc2 26. cxb5 Nd5 27. Nc6 Nb6 28. Bc1 Ba4 29. Rd6 Bxb5 30. Nxa7 Rxa7 31. Rxb6 Bc4 32. b5 Bd5 33. Bf4 Rd8 34. Rb8 Rxb8 35. Bxb8 Rd7 36. b6 Bc6 37. Bc7 1-0

[Event "Oravska Priehrada op"]
[Site "Namestovo"]
[Date "2017.08.26"]
[Round "3"]
[White "Koval, Jakub"]
[Black "Mizicka, Matus"]
[Result "1/2-1/2"]
[WhiteElo "2045"]
[BlackElo "1817"]
[PlyCount "124"]
[EventDate "2017.08.25"]
[EventType "swiss"]
[EventRounds "7"]
[EventCountry "SVK"]
[SourceTitle "CBM 180 Extra"]
[Source "ChessBase"]
[SourceDate "2017.10.06"]
[SourceVersion "1"]
[SourceVersionDate "2017.10.06"]
[SourceQuality "1"]

1. e4 e6 2. d4 d5 3. Nc3 Bb4 4. e5 c5 5. a3 Bxc3+ 6. bxc3 Nc6 7. Nf3 c4 8. a4 Na5 9. Ba3 Bd7 10. Bd6 Ne7 11. g4 Nc8 12. Bb4 Nc6 13. Ba3 f6 14. h4 fxe5 15. Nxe5 Nxe5 16. dxe5 Ne7 17. Qd2 0-0 18. Rd1 Rf7 19. Bxc4 Qc7 20. Bb5 Qxe5+ 21. Qe3 Qxe3+ 22. fxe3 Nc6 23. c4 a6 24. Bxc6 Bxc6 25. cxd5 Bxd5 26. Rf1 Rxf1+ 27. Kxf1 Rc8 28. h5 Rc4 29. Rd4 Rxd4 30. exd4 Bf3 31. h6 Bxg4 32. c4 gxh6 33. a5 Kf7 34. Kf2 Kf6 35. Bd6 Kf5 36. Kg3 Be2 37. c5 h5 38. Kh4 Ke4 39. Be5 Kd5 40. Kg5 Kc6 41. Kh4 Kb5 42. Bc7 e5 43. dxe5 Kxc5 44. Bb6+ Kd5 45. Bc7 Bg4 46. Bd6 b5 47. axb6 Kc6 48. Bc5 a5 49. Kg3 a4 50. Kf4 Bc8 51. e6 Bxe6 52. Ke3 h4 53. Kd2 h3 54. Bg1 Bd5 55. Kc3 Kb5 56. Kb2 h2 57. Bxh2 Kxb6 58. Ka3 Kb5 59. Kb2 h5 60. Ka1 h4 61. Bf4 a3 62. Bh2 h3 1/2-1/2